| 000 | 00515nam a2200193 a 4500 | ||
|---|---|---|---|
| 001 | 2041 | ||
| 005 | 20140414131932.0 | ||
| 008 | 040110s19uu xx 00 eng d | ||
| 020 | _a1-85833-953-7 | ||
| 050 |
_aREF 608 _bO95 1994 |
||
| 100 | _aOxlade, Chris | ||
| 245 |
_aInventions / _cChris Oxlade. |
||
| 260 |
_aSingapore : _bQuadrillion, _c1994. |
||
| 300 | _a32 p. ; cm. | ||
| 500 | _aw/ CD Rom | ||
| 650 |
_aInventions _xJuvenile literature. |
||
| 650 |
_aScience _xJuvenile literature. |
||
| 999 |
_c112288 _d112288 |
||